• 首页
  • 本馆介绍
  • 公告通知
  • 最新文献
  • 馆藏检索
  • 电子资源
  • 读者导购
  • 参考咨询
  • 我的图书馆
  • 登录
  • 详细信息显示
  • 放入我的书架
  • 预约/预借图书
  • 作者相关作品
  • 分类相关作品
  • 丛书相关作品
  • 出版社相关作品

书目信息

  • 表格格式
  • 工作单格式
  • 卡片格式
题名:
机器视觉与应用
    
 
作者: 曹其新 , 庄春刚 编著
分册:  
出版信息: 北京   机械工业出版社  2021
页数: 279页
开本: 26cm
丛书名: 智能科学与技术丛书
单 册:
中图分类: TP302.7
科图分类:
主题词: 计算机视觉--ji suan ji shi jue
电子资源:
ISBN: 978-7-111-68686-6
000 01073nam 2200289 450
001 2162952238
005 20211112172929.20
010    @a978-7-111-68686-6@dCNY79.00
100    @a20210811d2021 em y0chiy50 ea
101 0  @achi
102    @aCN@b110000
105    @aak a 000yy
200 1  @a机器视觉与应用@Aji qi shi jue yu ying yong@d= Machine vision and application@f曹其新, 庄春刚等编著@zeng
210    @a北京@c机械工业出版社@d2021
215    @a279页@c图@d26cm
225 2  @a智能科学与技术丛书@Azhi neng ke xue yu ji shu cong shu
300    @a华章教育
320    @a有书目 (第278-279页)
330    @a本书以应用为导向,从机器视觉的硬件构建、算法实现及应用案例研究这3个层次,介绍机器视觉的基本知识,以及图像处理、模式识别和机器视觉应用问题的一般求解方法。
410  0 @12001 @a智能科学与技术丛书
510 1  @aMachine vision and application@zeng
606 0  @a计算机视觉@Aji suan ji shi jue
690    @aTP302.7@v5
701  0 @a曹其新@Acao qi xin@4编著
701  0 @a庄春刚@Azhuang chun gang@4编著
801  0 @aCN@bBP@c20210811
905    @aZUCC@dTP302.7@e2
    
    机器视觉与应用= Machine vision and application/曹其新, 庄春刚等编著.-北京:机械工业出版社,2021
    279页:图;26cm.-(智能科学与技术丛书)
    华章教育
    
    ISBN 978-7-111-68686-6:CNY79.00
    本书以应用为导向,从机器视觉的硬件构建、算法实现及应用案例研究这3个层次,介绍机器视觉的基本知识,以及图像处理、模式识别和机器视觉应用问题的一般求解方法。
●
相关链接 在五车中查询图书 在当当中查询图书 在豆瓣中查询图书


正题名:机器视觉与应用     索取号:TP302.7/2         预约/预借

序号 登录号 条形码 馆藏地/架位号 状态 备注
1 2000880760   2000880760   第三书库/ [索取号:TP302.7/2] 在馆    
2 2000880761   2000880761   第三书库/ [索取号:TP302.7/2] 在馆    
3 2000880762   2000880762   第三书库/ [索取号:TP302.7/2] 在馆    
山东省滨州职业学院图书馆 欢迎您!
大连网信软件有限公司© 版权所有